<?xml version="1.0" encoding="UTF-8"?>
<collection xmlns="http://www.loc.gov/MARC21/slim">
 <record>
  <leader>03202nam a2200433 a 4500</leader>
  <controlfield tag="001">TVCDKTCT14113</controlfield>
  <controlfield tag="003">Thư viện trường Cao đẳng Kỹ thuật Cao Thắng</controlfield>
  <controlfield tag="005">20221028085429.000</controlfield>
  <controlfield tag="008">130409</controlfield>
  <datafield tag="980" ind1="\" ind2="\">
   <subfield code="a">Thư viện Trường CĐ Kỹ Thuật Cao Thắng</subfield>
  </datafield>
  <datafield tag="024" ind1=" " ind2=" ">
   <subfield code="a">RG_1 #1 eb0 i1</subfield>
  </datafield>
  <datafield tag="041" ind1="0" ind2="#">
   <subfield code="a">vie</subfield>
  </datafield>
  <datafield tag="082" ind1="#" ind2="#">
   <subfield code="a">621.815 / </subfield>
   <subfield code="b">C455N-n</subfield>
  </datafield>
  <datafield tag="100" ind1="1" ind2="#">
   <subfield code="a">Nguyễn Trọng Bình</subfield>
  </datafield>
  <datafield tag="245" ind1="0" ind2="0">
   <subfield code="a">Công nghệ chế tạo máy ( Dùng cho sinh viên đại học và cao đẳng kỹ thuật) / </subfield>
   <subfield code="c">Nguyễn Trọng Bình, Nguyễn Trọng Hiếu</subfield>
  </datafield>
  <datafield tag="260" ind1="#" ind2="#">
   <subfield code="a">H. : </subfield>
   <subfield code="b">Giáo dục Việt Nam , </subfield>
   <subfield code="c">2011</subfield>
  </datafield>
  <datafield tag="300" ind1="#" ind2="#">
   <subfield code="a">303tr. ; </subfield>
   <subfield code="c">27cm</subfield>
  </datafield>
  <datafield tag="520" ind1="#" ind2="#">
   <subfield code="a">Chương 1: Các khái niệm cơ bản.</subfield>
  </datafield>
  <datafield tag="520" ind1="#" ind2="#">
   <subfield code="a">Chương 10: Công nghệ lắp ráp.</subfield>
  </datafield>
  <datafield tag="520" ind1="#" ind2="#">
   <subfield code="a">Chương 2: Chất lượng bề mặt gia công.</subfield>
  </datafield>
  <datafield tag="520" ind1="#" ind2="#">
   <subfield code="a">Chương 3: Độ chính xác gia công.</subfield>
  </datafield>
  <datafield tag="520" ind1="#" ind2="#">
   <subfield code="a">Chương 4: Chuẩn.</subfield>
  </datafield>
  <datafield tag="520" ind1="#" ind2="#">
   <subfield code="a">Chương 5: Chọn phôi và các phương pháp gia công chuẩn bị phôi.</subfield>
  </datafield>
  <datafield tag="520" ind1="#" ind2="#">
   <subfield code="a">Chương 6: Các phương pháp gia công  cắt gọt.</subfield>
  </datafield>
  <datafield tag="520" ind1="#" ind2="#">
   <subfield code="a">Chương 7: Các phương pháp gia công khác.</subfield>
  </datafield>
  <datafield tag="520" ind1="#" ind2="#">
   <subfield code="a">Chương 8: Thiết kế quy trình công nghệ gia công chi tiết máy.</subfield>
  </datafield>
  <datafield tag="520" ind1="#" ind2="#">
   <subfield code="a">Chương 9: Quy trình công nghệ chế tạo các chi tiết điển hình.</subfield>
  </datafield>
  <datafield tag="520" ind1="#" ind2="#">
   <subfield code="a">Dựa vào mục tiêu đào tạo của ngành cơ khí chính xác, Hàn, Gia công áp lực, Động cơ, Ô tô, Thiết bị nhiệt lạnh, Máy hóa, Thiết bị dệt, Máy điện, Cơ khí hàng không, Cơ khí nông nghiệp, Cơ khí hàng hải, Cơ khí thủy sản, Kỹ sư kinh tế, Sư phạm kỹ thuật ( đào tạo giáo viên dạy nghề Cơ khí có trình độ đại học)... của các trường Đại học và Cao đẳng kỹ thuật .</subfield>
  </datafield>
  <datafield tag="520" ind1="#" ind2="#">
   <subfield code="a">Môn học Công nghệ chế tạo máy là một trong những môn học chính của ngành cơ khí chế tạo máy, nó cung cấp cho người học kiến thức cơ bản về kĩ thuật gia công, tổ chức sản xuất, các kiến thức liên quan đến chất lượng, năng suất và giá thành sản phẩm.</subfield>
  </datafield>
  <datafield tag="520" ind1="#" ind2="#">
   <subfield code="a">Nội dung cuốn sách gồm 10 chương, trong đó PGS.TS Nguyễn Trọng Bình biên soạn các chương 1,2,3,4,5 và TS. Nguyễn Trọng Hiếu biên soạn các chương 6,7,8,9,10.</subfield>
  </datafield>
  <datafield tag="650" ind1="#" ind2="4">
   <subfield code="a">Công nghệ chế tạo máy</subfield>
  </datafield>
  <datafield tag="650" ind1="#" ind2="4">
   <subfield code="a">Manufacturing Technology</subfield>
  </datafield>
  <datafield tag="653" ind1="#" ind2="#">
   <subfield code="a">Mechanical Engineering Technology</subfield>
  </datafield>
  <datafield tag="700" ind1="0" ind2="#">
   <subfield code="a">Nguyễn Trọng Hiếu</subfield>
  </datafield>
  <datafield tag="721" ind1="#" ind2="#">
   <subfield code="a">03. CNKT Cơ khí</subfield>
  </datafield>
  <datafield tag="721" ind1="#" ind2="#">
   <subfield code="a">04. CNKT Ô tô</subfield>
  </datafield>
  <datafield tag="721" ind1="#" ind2="#">
   <subfield code="a">10. Cơ khí chế tạo (Cắt gọt kim loại)</subfield>
  </datafield>
  <datafield tag="721" ind1="#" ind2="#">
   <subfield code="a">11. Sửa chữa cơ khí (Nguội sửa chữa máy công cụ)</subfield>
  </datafield>
  <datafield tag="841" ind1="#" ind2="#">
   <subfield code="b">Kho Sách </subfield>
   <subfield code="j">100041160, 100041257, 100041289, 100041358, 100041391, 100041458, 100041626, 100041662</subfield>
  </datafield>
 </record>
</collection>
